[Event "Turkish Championship 2020"]
[Site "Kemer-Antalya"]
[Date "2020.11.16"]
[Round "4.4"]
[White "Sanal, Vahap"]
[Black "Eren, Ataberk"]
[Result "1-0"]
[WhiteElo "2557"]
[BlackElo "2321"]
[Annotator "TA"]
[PlyCount "97"]
[EventDate "2020.11.13"]
[EventType "tourn"]
[EventCountry "TUR"]
[SourceTitle "playchess.com"]
[Source "ChessBase"]
[SourceQuality "1"]

{[%evp 9,97,14,8,0,12,15,12,5,13,0,10,0,8,7,14,1,15,16,28,21,21,4,25,19,31,0,43,0,18,18,22,17,14,16,42,-8,-8,-26,-5,-67,-62,-65,31,30,36,14,100,104,130,78,97,33,216,222,228,219,196,171,229,224,290,289,292,285,302,303,304,290,331,283,335,314,383,304,301,256,500,337,567,456,450,326,503,391,782,734,834,812,1092,1016]} 1. e4 e6 2. d4 d5 3. Nd2 c5 4. exd5 Qxd5 5. dxc5 Nf6 6. Ngf3 {C07: French Tarrasch: 3...c5, 4 Ngf3 and 4 exd5 Qxd5.} Qxc5 7. Bd3 Nbd7 8. O-O {The position is equal.} Be7 9. Qe2 {9.Qe2 has become a bit dusty these days.} O-O 10. Ne4 Qc7 11. Bg5 b6 12. Rad1 $5 {[%mdl 4] A promising side line.} Bb7 13. Bh4 {[#]} Nxe4 $146 ({Predecessor:} 13... Nc5 14. Nxc5 Qxc5 15. Ne5 Rad8 16. c4 g6 17. a3 a5 18. Qe3 Kg7 19. Bg5 Ng8 20. Bxe7 Nxe7 {½-½ (38) Balogh,C (2643)-Vitiugov,N (2733) Ningbo 2011}) 14. Bxe7 Rfe8 15. Bh4 Ndf6 16. Rfe1 Rac8 17. Qe3 Qc5 (17... Ng4 $5 18. Qd4 $8 e5 $11) 18. Qf4 {[%cal Rd3e4]} e5 (18... Nh5 $5 {[%cal Rh5f4]} 19. Qc1 Nef6 $11) 19. Qe3 Qc6 20. Qe2 {[#] And now Bxf6 would win.} a6 21. Qf1 Qc7 22. Re3 h6 23. Bxf6 Nxf6 24. Bf5 (24. Bxa6 $11 Bxa6 25. Qxa6) 24... Rcd8 25. Rxd8 Qxd8 ({Black should try} 25... Rxd8 $15 26. Nxe5 Nd5) 26. Nxe5 $14 (26. Rxe5 $2 Bxf3 27. Rxe8+ Nxe8 $19) 26... Qd5 27. c4 Qa5 (27... Qd2 $1 $11) 28. Qe2 $16 Rd8 29. Bb1 (29. a3 $142) 29... g6 30. Nd3 ({Reject} 30. Nxf7 Kxf7 31. Re7+ Kf8 $11) (30. Bd3 $16 {Nxf7! is the strong threat.} Qc5 31. h3) 30... Be4 $2 {[#] Black cannot hold the game after this.} (30... Rd4 $1 $14) 31. Rxe4 $18 Nxe4 32. Qxe4 Qd2 33. Kf1 Qd1+ (33... Rd4 $142 34. Qe2 (34. Qe8+ Kg7 $16) 34... Qxe2+ 35. Kxe2 Rxc4) 34. Ne1 Qc1 35. Qc2 Qf4 {next ...Rd2 is good for Black.} 36. g3 Qg4 37. Kg2 Rc8 38. b3 h5 39. Qe4 Qd7 40. Nf3 b5 41. Qf4 bxc4 42. bxc4 Rc5 $2 (42... Qg4 43. Bd3 Qxf4 44. gxf4 Kg7) 43. h4 Qc8 $2 (43... Qc7 {is a better defense.} 44. Qh6 Qc6) 44. Ng5 Qd7 45. Qe4 Qc7 (45... Qc6 {was necessary.} 46. Bd3 Kf8 47. Qxc6 Rxc6) 46. Bd3 a5 $2 (46... Qc6 47. Qxc6 Rxc6) 47. Qd4 {White is clearly winning.} Rc6 48. Ne4 Qe7 49. c5 {Weighted Error Value: White=0.24/Black=0.47} 1-0

[Event "Turkish Championship 2020"]
[Site "Kemer-Antalya"]
[Date "2020.11.16"]
[Round "4.5"]
[White "Yurtseven, Melih"]
[Black "Haznedaroglu, Kivanc"]
[Result "1/2-1/2"]
[WhiteElo "2391"]
[BlackElo "2437"]
[Annotator "TA"]
[PlyCount "127"]
[EventDate "2020.11.13"]
[EventType "tourn"]
[EventCountry "TUR"]
[SourceTitle "playchess.com"]
[Source "ChessBase"]
[SourceQuality "1"]

{[%evp 10,127,0,0,0,0,0,0,41,37,86,91,84,98,96,75,95,94,151,152,138,77,69,39,54,52,57,30,35,36,74,72,118,81,116,104,241,233,279,285,298,306,501,452,426,168,129,155,104,45,64,45,45,28,28,28,28,28,28,28,42,14,28,-8,-8,-8,520,500,359,8,8,8,2044,1812,2555,2525,1865,2357,2064,2172,12788,6498,12788,10310,2534,1412,1404,1404,1279,1211,2424,1777,1800,1719,1664,1412,600,8,8,8,8,0,0,-8,-8,-8,-8,-8,-8,-8,-8,-8,-8,-8,-8,-8,-8,-8,-8,-8]} 1. d4 Nf6 2. c4 e6 3. Nc3 Bb4 4. Qc2 O-O 5. e4 d6 6. a3 Bxc3+ {E32: Nimzo-Indian: Classical (4 Qc2): 4...0-0.} 7. bxc3 e5 8. Bd3 c5 9. d5 Qc7 {[#]} 10. a4 $146 ({Predecessor:} 10. Ne2 Bg4 11. O-O Bxe2 12. Qxe2 Nbd7 13. f4 exf4 14. Bxf4 Rae8 15. Qf3 Ne5 16. Bxe5 Rxe5 {0-1 (55) Reis,W-Lima,A Brasilia 2003}) 10... Nbd7 11. Ne2 Kh8 12. h4 Ng8 13. g4 b5 (13... Ngf6 $142) 14. axb5 $16 a6 15. h5 (15. Ng3 $142) 15... Nb6 16. g5 axb5 17. Rxa8 Nxa8 18. Ng3 $1 $36 {[%mdl 2048] Black is under pressure.} ({Reject} 18. cxb5 c4 $17) 18... bxc4 19. Bxc4 Nb6 20. Be2 $1 Bd7 21. c4 Ra8 22. h6 g6 (22... gxh6 $16 {was necessary.} 23. gxh6 f6) 23. f4 $18 Ba4 24. Qc3 Nd7 25. Bg4 f6 $2 (25... Rf8 {is a better defense.} 26. Qa3 Nb6 27. fxe5 dxe5) 26. Bxd7 Bxd7 27. Bb2 $2 (27. gxf6 Nxf6 28. fxe5 dxe5 29. O-O) 27... Re8 ({Stronger than} 27... exf4 28. gxf6 Re8 29. f7+ Re5 30. f8=Q Bg4 31. Qxe5+ $3 {[%mdl 512]} dxe5 32. d6 Qa5+ 33. Kf1 $1 {[%mdl 512]} Be2+ 34. Nxe2 Qe1+ 35. Kxe1 g5 36. Bxe5#) 28. Qd2 Qd8 {[#]} 29. O-O ({White should play} 29. Bc1 $1 $16) 29... fxg5 $14 30. fxg5 Rf8 31. Rxf8 Qxf8 32. Qf2 Qxf2+ 33. Kxf2 $11 {[%mdl 4096] Endgame KBN-KBN} Ne7 34. Nf1 Kg8 35. Nd2 Kf7 36. Bxe5 dxe5 37. Nf3 Ba4 $2 {[%mdl 8192]} (37... Nc8 $11) 38. Nxe5+ $18 Kf8 39. Ke3 $2 (39. Nd3 $18) 39... Nc8 $11 40. Nd3 Bb3 $2 {[%mdl 8192]} (40... Nd6 $11) 41. Nxc5 $18 Bxc4 42. Nd7+ Ke7 43. Nf6 Nd6 44. Kd4 Bf1 45. Nxh7 Nf7 46. e5 Bh3 47. d6+ Ke8 48. Kd5 Nd8 49. Nf6+ Kf7 50. Ne4 Be6+ 51. Kc5 Bf5 52. Ng3 Bg4 53. h7 $2 (53. Kb6 $18) 53... Kg7 $11 {The position is equal.} 54. Ne4 {Hoping for Nf6.} Bf5 55. Ng3 Bh3 56. Kb6 Nf7 {[%mdl 64] Double Attack} 57. Kc7 Nxe5 58. Ne4 Kxh7 59. Nf6+ Kg7 60. d7 Bxd7 61. Nxd7 Nf7 62. Kc6 Nxg5 63. Ne5 Kf6 {[#]} 64. Nxg6 $1 {[%mdl 512] Black escapes into a draw.  Weighted Error Value: White=0.38/Black=0.33} 1/2-1/2

[Event "Turkish Championship 2020"]
[Site "Kemer-Antalya"]
[Date "2020.11.17"]
[Round "5.1"]
[White "Haznedaroglu, Kivanc"]
[Black "Atalik, Ekaterina"]
[Result "1-0"]
[WhiteElo "2437"]
[BlackElo "2450"]
[Annotator "TA"]
[PlyCount "131"]
[EventDate "2020.11.13"]
[EventType "tourn"]
[EventCountry "TUR"]
[SourceTitle "playchess.com"]
[Source "ChessBase"]
[SourceQuality "1"]

{[%evp 10,131,12,0,0,0,0,0,0,0,9,-18,-6,-33,-41,-39,-22,-39,-34,-32,-41,-30,-14,-25,0,0,0,0,28,14,27,12,19,-26,-16,-7,-22,-17,-14,-15,-10,-13,-13,-13,-10,-12,-7,-15,-16,-18,-13,-14,33,0,0,0,0,0,0,0,0,0,7,-138,-145,-156,-140,-152,-151,-151,-151,-157,-149,-156,-111,-84,-44,-58,-37,-36,-49,-47,-6,-4,0,-55,-29,-29,-29,-37,-37,-37,-37,-53,0,0,0,0,141,0,271,271,1137,360,916,902,837,781,829,785,679,668,1066,584,1900,1161,3128,2472,29978,29979,29980,29980,29982,29983]} 1. Nf3 Nf6 2. b3 d5 3. Bb2 c5 4. e3 e6 5. Be2 Nc6 6. d4 cxd4 {D05: Colle System with ...e6.} 7. exd4 Bd6 8. O-O O-O {The position is equal.} 9. Nbd2 b6 10. Ne5 Bb7 11. Ndf3 Ne7 12. Bd3 Ne4 13. Nd2 {[#]} Rc8 $146 ({Predecessor:} 13... f6 14. Nef3 Ng6 15. Re1 f5 16. Bf1 Qf6 17. c4 Rae8 18. Qc2 Bb4 19. a3 Bxd2 20. Nxd2 Nxd2 21. Qxd2 {½-½ (40) Zimmermann,M-Schulz,T Germany 1989}) 14. Qe2 {[%cal Rd2e4]} Qc7 15. Rfe1 Ng6 16. Nxg6 hxg6 17. Nf3 Bb4 18. Rec1 Nc3 19. Qe3 Rfe8 20. Ng5 Be7 21. Nxe6 Qd7 {Strongly threatening ...Bb4.} 22. Bxc3 ({Don't go for} 22. Bxg6 $2 fxg6 23. Bxc3 Ba3 $19) 22... Rxc3 23. Ng5 Ba3 24. Qf4 Bxc1 25. Rxc1 f6 26. Nf3 {[%cal Bg5f3,Bf3h2,Bh2f1,Bf1e3][%mdl 32]} g5 27. Qd2 Rc7 28. Bg6 Re7 29. h4 $1 g4 30. Nh2 Qe6 31. Qf4 Bc8 $36 {[%mdl 2048] White is under pressure.} 32. Nf1 Rc6 33. Ne3 Qd6 34. Qxd6 Rxd6 35. Kh2 Kf8 36. Kg3 (36. Rf1 $11 {remains equal.}) 36... f5 $1 $17 37. h5 Re4 $1 38. Bxf5 Rxe3+ $1 {[%mdl 64] Remove Defender} 39. fxe3 Bxf5 {[%mdl 4096] Endgame KRB-KR} 40. c4 dxc4 41. bxc4 Bd7 42. d5 Rh6 43. e4 Rxh5 {Threatens to win with ...Ke7.} 44. c5 bxc5 45. Rxc5 Re5 46. Kf4 $1 {[%cal Rf4e5]} Re7 {White must now prevent ...g5+!} 47. Rc7 (47. e5 $1 $11) 47... Be8 48. Rc8 {[#]} g5+ $1 49. Kf5 (49. Kxg5 Rxe4) 49... Kf7 {And now ...Bd7+ would win.} 50. Rc4 $1 Bb5 51. Rd4 g3 (51... Rc7 $15) 52. e5 $11 Ke8 53. e6 Rb7 {[#]} (53... Rc7 $1 $11) 54. Rg4 (54. a4 $1 $16 {[%cal Ra4b5]} Bd7 55. Rg4 (55. exd7+ Kxd7 56. Rg4 Kd6 $16) (55. Kxg5 Rb2 $11)) 54... Bd3+ $2 {[%mdl 8192]} (54... Be2 $11 {and Black is okay.} 55. Rxg5 Rh7) 55. Kf6 $18 Rh7 $2 (55... Rb2) 56. Rxg3 $2 (56. Rb4 {[%cal Rb4b8]} Rd7 57. exd7+ Kxd7 58. Ke5) 56... Rh6+ $2 (56... Bc4 57. Rxg5 Kf8) 57. Ke5 Bc4 58. Rxg5 {White wants to mate with Rg8+.} Kf8 59. a3 {[%cal Ba2a3,Ba3a4][%mdl 32]} Rh1 60. Kd6 {e7+ is the strong threat.} Rh6 61. Rg4 Bb5 62. Rb4 a6 63. a4 Be8 64. Rf4+ {White mates.} Kg7 65. Ke7 Bg6 66. d6 {Never resign too early!  Weighted Error Value: White=0.28/Black=0.37} 1-0

[Event "Turkish Championship 2020"]
[Site "Kemer-Antalya"]
[Date "2020.11.17"]
[Round "5.2"]
[White "Eren, Ataberk"]
[Black "Yurtseven, Melih"]
[Result "0-1"]
[WhiteElo "2321"]
[BlackElo "2391"]
[Annotator "TA"]
[PlyCount "70"]
[EventDate "2020.11.13"]
[EventType "tourn"]
[EventCountry "TUR"]
[SourceTitle "playchess.com"]
[Source "ChessBase"]
[SourceQuality "1"]

{[%evp 16,70,40,24,30,28,37,35,43,41,48,0,13,-22,-7,-27,-27,-33,-26,-27,-27,-32,-9,0,0,-9,-8,-4,13,29,21,24,26,0,0,-19,0,0,0,-73,-67,-249,-256,-414,-184,-492,-501,-468,-471,-672,-339,-754,-607,-744,-453,-439,-430]} 1. e4 d6 2. d4 Nf6 3. Nc3 e5 4. Nf3 Nbd7 5. Bc4 Be7 6. O-O O-O 7. Re1 c6 8. a4 {[%cal Ba2a4,Ba4a5][%mdl 32]} h6 {8...a5 is setting a new trend.} 9. a5 Re8 {C41: Philidor Defence.} 10. h3 Rb8 11. Be3 b5 {White is slightly better.} 12. axb6 axb6 {[%cal Ba7b6,Bb6b5,Bb5b4][%mdl 32] [#]} 13. dxe5 $146 (13. d5 $5 {[%cal Rd5c6]} Bb7 14. Ra7 $14) ({Predecessor:} 13. d5 b5 14. dxc6 bxc4 15. Ra7 Bb7 16. Rxb7 Rxb7 17. cxb7 Qc7 18. Qe2 Qxb7 19. Qxc4 Qxb2 {1-0 (31) Brkic,A (2595)-Sanal,V (2581) chess.com INT 2020}) 13... dxe5 14. Qd3 b5 15. Bb3 Qc7 16. Ra7 Rb7 17. Rxb7 Qxb7 18. Qd1 b4 19. Na4 c5 20. Nd2 Qc6 21. c3 Bb7 22. f3 Ba6 {And now ...c4 would win.} 23. Bc4 Nh5 24. b3 Bh4 25. Rf1 Ng3 26. Re1 Rd8 {Hoping for ...Bxc4.} 27. Bxa6 (27. Qc1 $11 {keeps the balance.}) 27... Qxa6 $17 28. Bf2 $2 {[#] Now White is beyond hope.} (28. cxb4 $15 cxb4 29. Nb2) 28... Nf6 $1 $19 29. Kh2 $2 (29. Bxc5 Bg5 $19) (29. Nxc5 $2 Qa2 $19) (29. Be3) 29... Qd3 ({Less strong is} 29... Ngxe4 30. Bxh4 Nxd2 31. Qe2 $17 (31. Nxc5 Qb5 $17)) (29... Bg5 $142 30. Bxg3 (30. Nxc5 $2 Qc6 $19) 30... Rxd2) 30. Bxg3 $2 (30. cxb4 {nothing else works.} cxb4 31. Nb6) 30... Bxg3+ 31. Kxg3 bxc3 ({Not} 31... Qxd2 32. Qxd2 Rxd2 33. cxb4 $15) 32. Nxc5 (32. Nb1 $142 Nxe4+ {[%mdl 64] Pin} 33. Kh2 Qxd1 34. Rxd1 Rxd1 35. Nbxc3 Nxc3 36. Nxc3) 32... Qd4 {[%mdl 64] Pin} 33. b4 $2 (33. Nb1 Qxd1 34. Rxd1 Rxd1 35. Nxc3) 33... cxd2 {Black is clearly winning.} 34. Re2 Qxb4 35. Nb3 {[#]} Qxb3 $1 {[%mdl 576] Promotion.  Weighted Error Value: White=0.74/Black=0.51} 0-1

[Event "Turkish Championship 2020"]
[Site "Kemer-Antalya"]
[Date "2020.11.17"]
[Round "5.3"]
[White "Gokerkan, Cem Kaan"]
[Black "Sanal, Vahap"]
[Result "1/2-1/2"]
[WhiteElo "2461"]
[BlackElo "2557"]
[Annotator "TA"]
[PlyCount "93"]
[EventDate "2020.11.13"]
[EventType "tourn"]
[EventCountry "TUR"]
[SourceTitle "playchess.com"]
[Source "ChessBase"]
[SourceQuality "1"]

{[%evp 11,93,11,8,-8,0,0,0,-12,4,0,0,0,0,0,0,0,0,0,0,0,0,1,4,0,1,0,0,0,0,0,8,8,3,0,6,2,4,3,0,3,8,0,0,0,0,0,0,0,0,0,0,0,0,0,0,0,0,0,0,0,0,0,0,0,0,0,0,0,0,0,0,0,0,0,0,0,0,0,0,0,0,0,0,0]} 1. e4 e5 2. Nf3 Nc6 3. Bc4 Bc5 4. c3 Nf6 5. d4 exd4 6. cxd4 Bb4+ {The position is equal.} 7. Nbd2 {C54: Giuoco Piano: 4 c3 Nf6, main lines with 5 d4 and 5 d3.} Nxe4 8. d5 {[#] Hoping for 0-0.} Ne7 9. O-O Nxd2 10. Bxd2 Bxd2 11. d6 cxd6 {[#] Strongly threatening ...d5.} 12. Qxd2 d5 13. Bxd5 O-O 14. Rad1 Nxd5 15. Qxd5 d6 16. b3 {[#]} Re8 $146 ({Predecessor:} 16... Rb8 17. Qxd6 Qxd6 18. Rxd6 Re8 19. h3 Kf8 20. Rc1 Bf5 21. Rc7 Rec8 22. Rxc8+ Rxc8 {0-1 (49) Roberson,P (2412)-Bacrot,E (2722) chess.com INT 2018}) 17. h3 a5 18. Ng5 Rf8 19. Ne4 a4 20. Nxd6 axb3 21. Nxc8 Qxc8 22. axb3 Qc7 23. Qd6 Rfc8 24. Rfe1 {aiming for Re8+!} Qxd6 25. Rxd6 $11 {[%mdl 4096] Endgame KRR-KRR} Rc7 26. Rb6 h5 27. h4 Ra2 28. g3 Rb2 29. Re8+ Kh7 30. Re4 Rd2 31. Reb4 Rdd7 32. Kg2 Re7 33. Rd6 Rc2 34. Rdb6 Rcc7 35. Rd6 g6 36. Rdb6 Kg7 37. Rf4 Rcd7 38. Kg1 Rc7 39. Kg2 Kg8 40. Kg1 Rc5 41. Kg2 Rd7 42. Rfb4 Rcc7 43. Rf4 Kg7 44. Kg1 Rc5 45. Kg2 Re5 46. Rfb4 Ree7 47. Rf4 {A rather calm draw.  Weighted Error Value: White=0.01/Black=0.01} 1/2-1/2

[Event "Turkish Championship 2020"]
[Site "Kemer-Antalya"]
[Date "2020.11.17"]
[Round "5.4"]
[White "Sevgi, Volkan"]
[Black "Ozen, Deniz"]
[Result "1/2-1/2"]
[WhiteElo "2359"]
[BlackElo "2412"]
[Annotator "TA"]
[PlyCount "62"]
[EventDate "2020.11.13"]
[EventType "tourn"]
[EventCountry "TUR"]
[SourceTitle "playchess.com"]
[Source "ChessBase"]
[SourceQuality "1"]

{[%evp 17,62,0,0,7,10,0,0,2,29,0,0,0,18,0,14,0,15,7,7,0,0,0,8,0,0,0,2,0,0,4,4,0,4,0,8,0,0,0,0,0,0,0,0,0,6,0,0]} 1. Nf3 d5 2. g3 Nf6 3. Bg2 c6 4. d3 Bf5 5. O-O e6 6. Nbd2 Be7 7. b3 O-O 8. Bb2 h6 9. Ne5 Nbd7 10. e4 {[#] aiming for Nxd7. A07: Réti Opening: New York and Capablanca Systems.} Bh7 11. Qe2 (11. Nxd7 {is more complex.} Nxd7 12. a4 Qa5 13. Rc1 Rad8 14. Qe2) 11... Nxe5 12. Bxe5 dxe4 {[#]} 13. Nxe4 $146 ({Predecessor:} 13. dxe4 Nd7 14. Bb2 Bf6 15. c3 Qc7 16. Nc4 Rfd8 17. Ne3 Be7 18. Ng4 Nf6 19. c4 Nxg4 20. Qxg4 {½-½ (48) Henriquez Villagra,C (2587)-Moskalenko,V (2475) Vallfogona de Balague 2019}) 13... Nxe4 {The position is equal.} 14. Bxe4 Bxe4 15. Qxe4 Bf6 16. Rfe1 Re8 17. Bxf6 (17. a4 {looks sharper.} Bxe5 18. Qxe5 Qe7 19. Qc3 c5 20. Re4) 17... Qxf6 18. Qe5 Qxe5 19. Rxe5 $11 {[%mdl 4096] Endgame KRR-KRR} Rad8 20. Rae1 Kf8 21. f4 Rd5 22. Kf2 Red8 23. R1e4 Ke7 24. Ke2 R8d7 25. Kd2 Rd8 26. Kc3 R8d7 27. Re2 Rd8 28. R2e4 R8d7 29. Re2 Rd8 30. R2e4 R8d7 31. Re1 Rd8 {An uneventful encounter.  Weighted Error Value: White=0.04/Black=0.04} 1/2-1/2

[Event "Turkish Championship 2020"]
[Site "Kemer-Antalya"]
[Date "2020.11.17"]
[Round "5.5"]
[White "Tarlabasi, Emirhan"]
[Black "Firat, Burak"]
[Result "1-0"]
[WhiteElo "2275"]
[BlackElo "2474"]
[Annotator "TA"]
[PlyCount "81"]
[EventDate "2020.11.13"]
[EventType "tourn"]
[EventCountry "TUR"]
[SourceTitle "playchess.com"]
[Source "ChessBase"]
[SourceQuality "1"]

{[%evp 11,81,23,38,8,15,9,25,15,22,9,31,0,42,41,47,50,53,45,37,43,61,67,90,96,88,42,57,61,52,47,41,46,37,46,77,103,131,137,104,95,84,87,95,96,90,50,138,132,145,119,183,175,186,197,325,338,472,459,477,477,533,522,520,531,533,533,525,518,516,479,604,591]} 1. d4 d6 2. Nf3 Nf6 3. c4 g6 4. e3 Bg7 5. Be2 O-O 6. Nc3 b6 7. b3 {E61: King's Indian: Early deviations for White, including Smyslov System.} Bb7 8. Qc2 {[#]} e5 $146 ({Predecessor:} 8... c5 9. Bb2 cxd4 10. exd4 d5 11. O-O Nc6 12. Rad1 e6 13. Ne5 a6 14. Ba3 Re8 15. cxd5 Nxd5 16. Nxd5 Qxd5 17. Bf3 Nxd4 18. Bxd5 Nxc2 19. Bxb7 Ra7 20. Bc6 Rc8 21. Bd6 f6 22. Bd7 {1-0 (22) Berkell,P (2179)-Wieweg,J (2214) Sweden 2011}) 9. O-O {White has an edge.} Qe7 10. Bb2 Re8 11. Rac1 e4 12. Nd2 c5 {With the idea ...cxd4.} 13. d5 $1 Bc8 14. Qb1 Bf5 15. Bd1 Na6 16. a3 Nc7 17. Bc2 b5 18. Rce1 bxc4 19. bxc4 Rab8 20. Qc1 Ng4 {...Rxb2! is the strong threat.} 21. h3 Ne5 22. Ba1 ({Don't go for} 22. Ncxe4 $2 {[#]} Rxb2 $1 {[%mdl 512]} 23. Re2 (23. Qxb2 $2 {too greedy.} Nf3+ {[%mdl 64] Discovered Attack} 24. Nxf3 Bxb2 $19) 23... Reb8 $19) 22... Bxh3 23. Ncxe4 f5 24. Ng3 {[%cal Be4g3,Bg3h1,Bh1f2][%mdl 32]} Bg4 25. f3 Qh4 26. Nh1 Bh5 27. g3 Qe7 28. Kg2 Nd7 ({Better is} 28... Bxf3+ $14 29. Nxf3 Nxc4) 29. Nf2 $16 Bxa1 30. Qxa1 Qg7 (30... Ne5 $16 {was necessary.}) 31. Qxg7+ Kxg7 32. Ba4 Rb2 (32... Ne5 {was called for.}) 33. Bxd7 $18 Rxd2 34. Bxe8 {White is clearly winning.} Nxe8 35. e4 Rc2 36. Rc1 Ra2 37. Rfe1 Nf6 38. exf5 gxf5 39. Re7+ {[%mdl 64] [#] Double Attack} Kg6 40. Rxa7 Re2 41. Rc3 {Weighted Error Value: White=0.07/Black=0.26} 1-0

[Event "Turkish Championship 2020"]
[Site "Kemer-Antalya"]
[Date "2020.11.18"]
[Round "6.1"]
[White "Atalik, Ekaterina"]
[Black "Firat, Burak"]
[Result "1/2-1/2"]
[WhiteElo "2450"]
[BlackElo "2474"]
[Annotator "TA"]
[PlyCount "103"]
[EventDate "2020.11.13"]
[EventType "tourn"]
[EventCountry "TUR"]
[SourceTitle "playchess.com"]
[Source "ChessBase"]
[SourceQuality "1"]

{[%evp 16,103,47,33,10,11,19,22,24,17,28,27,45,40,52,0,0,-8,58,51,52,60,52,63,52,64,67,53,57,56,132,133,127,128,136,128,128,128,128,131,117,138,138,137,136,131,129,135,137,125,128,131,122,127,112,60,71,69,66,10,19,10,5,0,0,0,10,0,0,0,0,0,10,0,10,0,0,0,0,0,16,0,0,0,0,0,0,0,0,0]} 1. d4 Nf6 2. c4 g6 3. g3 Bg7 4. Bg2 c5 5. d5 O-O 6. Nc3 d6 7. Nf3 Na6 8. O-O Nc7 9. h3 b5 {E64: King's Indian: Fianchetto: 6...c5 7 d5.} 10. cxb5 Rb8 11. a4 a6 12. bxa6 $1 Bxa6 13. Re1 Nd7 14. e4 Rb4 {[#]} 15. Bf4 $146 ({White should play} 15. Qc2 $14) ({Predecessor:} 15. Bf1 Bxf1 16. Kxf1 Qb8 17. Ra2 Qb6 18. Kg2 Ra8 19. Qc2 Qa6 20. Bg5 h6 21. Be3 {1-0 (58) Avetisyan,A (2124)-Demirkhanian,A Yerevan 2016}) 15... Rxb2 $11 16. e5 dxe5 (16... Nb6 $11) 17. Nxe5 $14 Nxe5 18. Bxe5 Bxe5 19. Rxe5 Qd6 20. Re3 f5 21. Qc1 Rbb8 22. Re1 Bc4 {[#]} (22... Rb3 $14) 23. Ne4 $1 $16 {[%cal Re4d6]} fxe4 24. Qxc4 Rb2 25. Re2 Rxe2 26. Qxe2 Qxd5 27. Qxe4 Qxe4 28. Bxe4 {[%mdl 4096] Endgame KRB-KRN} Rb8 29. a5 Rb4 30. f3 {And now a6 would win.} Na6 31. Kf2 Kf7 32. Ke3 Ke6 33. Kd2 Kd6 34. Kc3 Nc7 35. Rd1+ (35. a6 $16 {aiming for a7.} Nb5+ 36. Kc2) 35... Ke6 $14 36. Bc6 g5 $1 37. Rd8 (37. Ra1 $14) 37... Nb5+ $11 {The position is equal.} 38. Bxb5 Rxb5 {KR-KR} 39. a6 {[#] Black must now prevent a7.} Ra5 40. Ra8 Kd7 41. a7 Kc7 $1 42. Kc4 {Re8 is the strong threat.} Kb6 43. Rb8+ Kxa7 44. Rb3 Ra6 45. Re3 Rh6 46. Kxc5 Rxh3 47. f4 Kb8 {Threatens to win with ...gxf4.} 48. fxg5 Kc8 49. Kd5 Kd7 50. Ke5 Ke8 51. Rf3 Rh1 52. Kf5 {Weighted Error Value: White=0.07/Black=0.06} 1/2-1/2

[Event "Turkish Championship 2020"]
[Site "Kemer-Antalya"]
[Date "2020.11.18"]
[Round "6.2"]
[White "Ozen, Deniz"]
[Black "Tarlabasi, Emirhan"]
[Result "1/2-1/2"]
[WhiteElo "2412"]
[BlackElo "2275"]
[Annotator "TA"]
[PlyCount "60"]
[EventDate "2020.11.13"]
[EventType "tourn"]
[EventCountry "TUR"]
[SourceTitle "playchess.com"]
[Source "ChessBase"]
[SourceQuality "1"]

{[%evp 9,60,0,14,0,5,-8,1,-6,0,-9,-18,-7,0,0,-2,0,24,0,0,-4,0,0,0,0,0,0,0,0,0,-28,-35,-18,-16,-38,-14,-24,-24,-49,-52,-55,-31,-52,-10,-16,-5,-6,-4,-8,-13,-5,-9,-9,-5]} 1. d4 d5 2. Nf3 Nf6 3. Bf4 e6 4. e3 c5 5. Nbd2 Bd6 6. Bg3 {D02: 1 d4 d5 2 Nf3 sidelines, including 2...Nf6 3 g3 and 2...Nf6 3 Bf4.} O-O 7. c3 Qc7 $1 {[%mdl 4] now scores much better than the old 7...Nc6.} 8. dxc5 Qxc5 9. Bd3 Nbd7 10. e4 {[#] aiming for e5.} dxe4 11. Nxe4 Nxe4 12. Bxe4 e5 13. Qc2 Nf6 {[#]} 14. Nd2 $146 ({Predecessor:} 14. Rd1 Bg4 15. O-O Bh5 16. Rd2 Rfe8 17. Bxb7 Rab8 18. Be4 Rxb2 19. Bxh7+ Nxh7 20. Qxb2 Bxf3 21. gxf3 {1-0 (51) Moroni,L (2532)-Melia,S (2368) Caleta 2020}) 14... Bc7 15. Bf3 g6 16. O-O Bf5 17. Qa4 Rad8 18. Nb3 (18. Rfd1 {keeps more tension.} b5 19. Qa6 Rd6 20. Qb7 Bc8 21. Nb3) 18... Qb6 19. Qb4 Qxb4 20. cxb4 b6 21. Rac1 Bd6 22. Rfd1 Bb8 23. Rxd8 Rxd8 24. h3 Kg7 25. Re1 Re8 26. Bc6 {The position is equal.} Rc8 27. b5 Bd7 28. Bxe5 Bxe5 29. Rxe5 Bxc6 30. bxc6 Rxc6 {Weighted Error Value: White=0.06/Black=0.08} 1/2-1/2